| 000 | 01803nam0a2200409 4500 | ||
|---|---|---|---|
| 001 | RU\NLR\bibl\89511 | ||
| 005 | 20260405082510.0 | ||
| 010 | _a5-89048-072-3 | ||
| 021 |
_aRU _b2000-5473 _9278 |
||
| 035 | _a(NLR Aleph) 000087458 | ||
| 090 |
_a489420 _c489420 |
||
| 100 | _a20000601d2000 |||y0rusy50 ca | ||
| 101 | 0 |
_arus _aeng |
|
| 102 | _aRU | ||
| 105 | _ay ||||||||| | ||
| 200 | 1 |
_aНачало начал _dThe very beginning _eГермания 1933-1939 гг. _fВ. Захаров, В. Кулишов _gФонд "Ковчег" _zeng |
|
| 210 |
_aМ. _cКолл. "Совершенно секретно" _d2000 |
||
| 215 |
_a553,[2] c., [24] л. факс. _d20 |
||
| 225 | 1 | _aАнатомия Холокоста | |
| 300 | _aНа обл. авт. не указаны | ||
| 300 | _aТекст парал. на рус. и англ. яз. | ||
| 320 | _aБиблиогр.: с. 545-550 и в подстроч. прим. | ||
| 510 | 1 |
_6z11790 _aThe very beginning _zrus |
|
| 606 | 0 |
_aХолокост _jДокументы и материалы _92090731 _3RU\NLR\auth\661265457 |
|
| 606 | 0 |
_aФашизм _jДокументы и материалы _xИстория _yГермания _91565210 _3RU\NLR\auth\66985145 |
|
| 686 | _aТ3(0)628.25,011 | ||
| 686 | _aТ3(4Г)63-49,011 | ||
| 700 | 1 |
_4070 _8rus _7ca _aЗахаров _bВ. В. _cд-р ист. наук _f1953- _gВладимир Владимирович _3RU\NLR\auth\7729177 _912206 |
|
| 701 | 1 |
_aКулишов _bВ. Д. _gВалерий Дмитриевич _4070 |
|
| 790 | 1 |
_6z11 _aZakharov _bV. V. _gVladimir Vladimirovič _4070 |
|
| 790 | 1 |
_6z11 _aKulišov _bV. D. _gVladimir Dmitrievič _4070 |
|
| 801 | 0 |
_aRU _bNLR _c20000601 _gPSBO |
|
| 801 | 1 |
_aRU _bNLR _c20000601 |
|
| 852 |
_aNLR _j2000-3/3812 |
||
| 942 | _cBOOK | ||
| 980 | _aNB | ||